A practical english grammar =Văn phạm Anh văn thực hành

保存先:
書誌詳細
フォーマット: 図書
言語:Vietnamese
出版事項: Đà Nẵng 1998
主題:
タグ: タグ追加
タグなし, このレコードへの初めてのタグを付けませんか!
Thư viện lưu trữ: Mạng thư viện Đại học Đà Nẵng
LEADER 00964nam a2200301 a 4500
001 000002470
003 00907
005 20171229145311.0
008 171229s1998 vie
040 |a LSK 
041 0 |a VIE 
082 0 |a 428.24  |b TH-A 
245 0 0 |a A practical english grammar =Văn phạm Anh văn thực hành 
260 |b Đà Nẵng  |c 1998 
300 |a 383 pages  |c 20 cm. 
653 |a English language - Grammar 
852 |a Phòng Đọc - Phòng Mượn 
901 |a 19 
927 |a Sách tham khảo 
OWN |a LSK 
AVA |a UDN50  |b LSK  |d 428.24 TH-A  |e check_holdings  |t Error 5003 Not defined in file expand_doc_bib_avail.  |h N  |k 1 
999 |a From the UDN01 
AVA |a UDN50  |b LSK  |d 428.24 TH-A  |e available  |t Error 5001 Not defined in file expand_doc_bib_avail.  |f 19  |g 0  |h N  |i 0  |k 1 
TYP |a Monograph 
TYP |a Printed language 
980 |a Mạng thư viện Đại học Đà Nẵng